000 00584cam a2200229 i 4500
003 DO-SdBNP
005 20180215110123.0
008 100514s 1977 sp a | |||| 000 f spa
015 _a
017 _a
_b
020 _a8430504402
035 _a
040 _aBPMSU
_bspa
_cBPMSU
_e
080 _a
245 0 0 _aCoches de ayer /
_h
260 _aBarcelona :
_bSusaeta ediciones,
_c1977.
300 _a[16] p.:
_bil.
_c26 cm.
500 _aDerecho de autor Walt Disney productions
942 _2ddc
_cBK
945 _aInventariado, 2018 / BT
956 _aYLOCKWARD
_810
_cBPMSU
999 _c12384
_d12384